I survived the Joplin tornado, 2011 / (Record no. 266)

MARC details
000 -LEADER
fixed length control field 01592nam a22003857a 4500
001 - CONTROL NUMBER
control field 266
003 - CONTROL NUMBER IDENTIFIER
control field FISKH
005 - DATE AND TIME OF LATEST TRANSACTION
control field 20230313144532.0
008 - FIXED-LENGTH DATA ELEMENTS--GENERAL INFORMATION
fixed length control field 230313b cb ||||| |||| 00| 0 eng d
020 ## - INTERNATIONAL STANDARD BOOK NUMBER
International Standard Book Number 9780545658485
040 ## - CATALOGING SOURCE
Original cataloging agency YDXCP
Language of cataloging eng
Transcribing agency YDXCP
Modifying agency BTCTA
-- WIM
-- BDX
-- IUK
-- JBL
-- NYP
-- BKL
-- FMG
-- CO2
-- OCLCQ
-- OCLCF
-- DAD
-- QJA
-- ILC
-- FSIMP
-- OKN
-- OCL
-- EHH
-- IFK
-- OCL
-- NDS
-- OCLCO
-- MQO
-- T8C
-- OCL
-- OCLCO
-- TXMBL
-- OCLCO
-- IGA
-- CHILD
-- OCLCQ
-- DLC
-- fiskh
050 00 - LIBRARY OF CONGRESS CALL NUMBER
Classification number PZ7.T211115
Item number Iamd 2015
082 04 - DEWEY DECIMAL CLASSIFICATION NUMBER
Classification number 813.6
Edition number 23
100 1# - MAIN ENTRY--PERSONAL NAME
Personal name Tarshis, Lauren,
Relator term author.
245 10 - TITLE STATEMENT
Title I survived the Joplin tornado, 2011 /
Statement of responsibility, etc. by Lauren Tarshis ; illustrated by Scott Dawson.
246 30 - VARYING FORM OF TITLE
Title proper/short title Joplin tornado, 2011
264 #1 - PRODUCTION, PUBLICATION, DISTRIBUTION, MANUFACTURE, AND COPYRIGHT NOTICE
Place of production, publication, distribution, manufacture New York
Name of producer, publisher, distributor, manufacturer Scholastic Press
Date of production, publication, distribution, manufacture, or copyright notice 2015
300 ## - PHYSICAL DESCRIPTION
Extent 89 pages :
Other physical details illustrations ;
Dimensions 20 cm.
490 0# - SERIES STATEMENT
Series statement I survived ;
Volume/sequential designation v. 12
504 ## - BIBLIOGRAPHY, ETC. NOTE
Bibliography, etc. note Includes bibliographical references.
505 ## - FORMATTED CONTENTS NOTE
Formatted contents note M
520 ## - SUMMARY, ETC.
Summary, etc. When eleven-year-old Dex goes storm chasing with Dr. Norman Gage, they get caught in the path of a tornado and Dex must find bravery within himself to survive.
521 1# - TARGET AUDIENCE NOTE
Target audience note 710 <br/>
Source Lexile
521 2# - TARGET AUDIENCE NOTE
Target audience note M <br/>
Source Raz-Plus
526 0# - STUDY PROGRAM INFORMATION NOTE
Program name Accelerated Reader AR
Interest level MG
Reading level 5.1
Title point value 2.0
Public note 175912.
Institution to which field applies SCH4060
526 0# - STUDY PROGRAM INFORMATION NOTE
Program name Accelerated Reader AR
Interest level MG
Reading level 5.1
Title point value 2.0
Public note 175912.
650 #1 - SUBJECT ADDED ENTRY--TOPICAL TERM
Topical term or geographic name entry element Storm chasers
Form subdivision Fiction.
650 #1 - SUBJECT ADDED ENTRY--TOPICAL TERM
Topical term or geographic name entry element Tornadoes
Geographic subdivision Missouri
-- Joplin
Form subdivision Fiction.
650 #1 - SUBJECT ADDED ENTRY--TOPICAL TERM
Topical term or geographic name entry element Survival
Form subdivision Fiction.
651 #1 - SUBJECT ADDED ENTRY--GEOGRAPHIC NAME
Geographic name Missouri
Form subdivision Fiction.
700 1# - ADDED ENTRY--PERSONAL NAME
Personal name Dawson, Scott,
Relator term illustrator.
800 1# - SERIES ADDED ENTRY--PERSONAL NAME
Personal name Tarshis, Lauren.
Title of a work I survived ;
Volume/sequential designation bk. 12.
906 ## - LOCAL DATA ELEMENT F, LDF (RLIN)
a 7
b cbc
c orignew
d 2
e ncip
f 20
g y-gencatlg
942 ## - ADDED ENTRY ELEMENTS (KOHA)
Source of classification or shelving scheme Dewey Decimal Classification
Koha item type Books
Suppress in OPAC No

No items available.